| 000 | 00563nam a2200181 a 4500 | ||
|---|---|---|---|
| 005 | 20210223123957.0 | ||
| 008 | 991125n 000 0 spa u | ||
| 035 | _aUPN01000090885 | ||
| 100 | 1 |
_aMungaray Lagarda, Alejandro _929565 |
|
| 222 | _aREVISTA DE LA EDUCACION SUPERIOR | ||
| 245 | _aOrganizacion Via Vinculacion. Una Experiencia de Cambio en la Educacion Agropecuaria de la UABC | ||
| 300 | _a41-70 | ||
| 362 | _a1992 Vol.21(4), No.84 | ||
| 700 | _aMedina C., Salvador | ||
| 700 | _aMontano G., Martin | ||
| 904 |
_aAC _b028696 |
||
| 905 | _aArticulo | ||
| 999 |
_c73810 _d73810 |
||